<?xml version="1.0" encoding="UTF-8"?>
<record
    xmlns:xsi="http://www.w3.org/2001/XMLSchema-instance"
    xsi:schemaLocation="http://www.loc.gov/MARC21/slim http://www.loc.gov/standards/marcxml/schema/MARC21slim.xsd"
    xmlns="http://www.loc.gov/MARC21/slim">

  <leader>01472cgm a22002655a 4500</leader>
  <controlfield tag="005">20220316235838.0</controlfield>
  <controlfield tag="008">021118s2002    ck 026 g      s   vuspa  </controlfield>
  <datafield tag="041" ind1="0" ind2=" ">
    <subfield code="a">spa</subfield>
  </datafield>
  <datafield tag="082" ind1="0" ind2="4">
    <subfield code="a">591.9861 </subfield>
    <subfield code="b">A92 </subfield>
  </datafield>
  <datafield tag="100" ind1="1" ind2=" ">
    <subfield code="a">Ria&#xF1;o La Rotta, Fernando</subfield>
  </datafield>
  <datafield tag="245" ind1="0" ind2="0">
    <subfield code="a">Aves y peces del Orinoco</subfield>
    <subfield code="h">videograbaci&#xF3;n</subfield>
    <subfield code="c">Fernando Ria&#xF1;o La Rotta</subfield>
  </datafield>
  <datafield tag="250" ind1=" " ind2=" ">
    <subfield code="a">Primera edici&#xF3;n</subfield>
  </datafield>
  <datafield tag="300" ind1=" " ind2=" ">
    <subfield code="a">1 videocasete (apr&#xF3;ximadamente 26 minutos)</subfield>
    <subfield code="b">sonido, color</subfield>
  </datafield>
  <datafield tag="490" ind1="0" ind2=" ">
    <subfield code="a">Expediciones por Colombia</subfield>
  </datafield>
  <datafield tag="520" ind1="3" ind2=" ">
    <subfield code="a">Colombia posee la mayor diversidad de aves del mundo, y la Orinoqu&#xED;a es uno de los lugares del pa&#xED;s donde se puede apreciar en pleno el espect&#xE1;culo de sus cantos y plumajes multicolores. Corocoras, alcaravanes, garzas y esp&#xE1;tulas, cientos de aves se congregan junto a los espejos de agua cuando las sabanas se inundan.
Y all&#xED; tambi&#xE9;n est&#xE1;n los peces, escalares, curitos, mataguaras, pira&#xF1;as; un completo ecosistema que vive con la llegada de las lluvias y mantiene la riqueza natural de nuestra naci&#xF3;n.</subfield>
  </datafield>
  <datafield tag="650" ind1="1" ind2="4">
    <subfield code="a">Conservaci&#xF3;n de la vida silvestre</subfield>
    <subfield code="z">Colombia </subfield>
    <subfield code="v">Videocasetes </subfield>
    <subfield code="2">LEMB</subfield>
  </datafield>
  <datafield tag="650" ind1="1" ind2="4">
    <subfield code="a">Peces</subfield>
    <subfield code="z">Colombia </subfield>
    <subfield code="v">Videocasetes </subfield>
    <subfield code="2">LEMB</subfield>
  </datafield>
  <datafield tag="650" ind1="1" ind2="4">
    <subfield code="a">Aves </subfield>
    <subfield code="z">Colombia </subfield>
    <subfield code="v">Videocasetes </subfield>
    <subfield code="2">LEMB</subfield>
  </datafield>
  <datafield tag="942" ind1=" " ind2=" ">
    <subfield code="2">ddc</subfield>
    <subfield code="c">VIDEOCASET</subfield>
  </datafield>
  <datafield tag="264" ind1=" " ind2=" ">
    <subfield code="a">Bogot&#xE1; </subfield>
    <subfield code="b">Fernando Ria&#xF1;o Producciones Im&#xE1;genes de la Naturaleza</subfield>
    <subfield code="c">2002</subfield>
  </datafield>
  <datafield tag="336" ind1=" " ind2=" ">
    <subfield code="a">texto</subfield>
    <subfield code="b">txt</subfield>
    <subfield code="2">rdacontent</subfield>
  </datafield>
  <datafield tag="337" ind1=" " ind2=" ">
    <subfield code="a">sin mediaci&#xF3;n</subfield>
    <subfield code="b">n</subfield>
    <subfield code="2">rdamedia</subfield>
  </datafield>
  <datafield tag="338" ind1=" " ind2=" ">
    <subfield code="a">volumen</subfield>
    <subfield code="b">nc</subfield>
    <subfield code="2">rdacarrier</subfield>
  </datafield>
  <datafield tag="040" ind1=" " ind2=" ">
    <subfield code="a">CO-BoRNBP</subfield>
    <subfield code="b">spa</subfield>
    <subfield code="e">rda</subfield>
    <subfield code="c">CO-BoRNBP</subfield>
  </datafield>
  <datafield tag="999" ind1=" " ind2=" ">
    <subfield code="c">2357</subfield>
    <subfield code="d">2357</subfield>
  </datafield>
</record>
